000 00416nam a2200181Ia 4500
001 6093
003 IN-NITTTR
005 20251114233015.0
008 251113s9999||||xx |||||||||||||| ||eng||
040 _beng
040 _cIN-NITTTR
041 _aeng
082 _a530.02 Y28H
100 _aYavorsky, B.
245 0 _aHandbook of physics. /
_cYavorsky, B., Detlaf, A.
700 _a Detlaf, A.
942 _2ddc
_cBK
999 _c8731
_d8731